[Event "ICS rated blitz match"]
[Site "204.178.125.65"]
[Date "2001.07.29"]
[Round "?"]
[White "Hossa"]
[Black "NewHal9000"]
[Result "1/2-1/2"]
[WhiteElo "2614"]
[BlackElo "2798"]
[PlyCount "297"]
[EventDate "2001.??.??"]

1. d4 Nf6 2. Bg5 d5 3. Bxf6 exf6 4. e3 c6 5. Nf3 Qb6 6. b3 Qa5+ 7. c3 Bd6 8.
Bd3 O-O 9. O-O Na6 10. b4 Qc7 11. Nbd2 Bg4 12. Qc2 g6 13. Bxa6 bxa6 14. c4 Bxb4
15. cxd5 Rac8 16. Rac1 Ba3 17. dxc6 Bxc1 18. Rxc1 Rfd8 19. Qa4 Rd6 20. d5 Bxf3
21. Nxf3 Rxd5 22. Qxa6 Qb8 23. Nd4 Rc7 24. Qe2 Qe8 25. Qf3 Qe5 26. Rb1 Kg7 27.
h3 Rc5 28. Qd1 Qd5 29. Qe2 h6 30. Rd1 Qe5 31. g3 f5 32. Qe1 Kh7 33. Qd2 Qd5 34.
Qe2 Rc4 35. Qf1 a6 36. Qe2 h5 37. a3 Rc3 38. Qxa6 R7xc6 39. Qf1 R6c4 40. Ne2
Rd3 41. Rxd3 Qxd3 42. Nd4 Qxf1+ 43. Kxf1 Rc3 44. Nb5 Rb3 45. a4 Rb4 46. Nd6
Rxa4 47. Nxf7 Kg7 48. Ng5 h4 49. gxh4 Rxh4 50. f4 Rh8 51. Ke2 Kf6 52. Kd3 Ra8
53. Kd4 Ra4+ 54. Kd5 Ra1 55. Kd4 Rh1 56. Kd3 Kg7 57. Ke2 Rh2+ 58. Kf3 Rd2 59.
Kg3 Kf6 60. Kf3 Rc2 61. Kg3 Ra2 62. Kf3 Rb2 63. Kg3 Ra2 64. Kf3 Ke7 65. h4 Kf6
66. Nh3 Kg7 67. Ng5 Kh6 68. Nf7+ Kh5 69. Ne5 Rh2 70. Kg3 Rxh4 71. Nf7 Rh1 72.
Kg2 Ra1 73. Kf3 Kh4 74. Ke2 Kg3 75. Ne5 Ra6 76. Nc4 Ra2+ 77. Nd2 Kh4 78. Kd3
Kg4 79. Nc4 g5 80. fxg5 Kxg5 81. Nd6 Kf6 82. Nc4 Ke6 83. Kd4 Rh2 84. e4 Rh4 85.
Nd2 fxe4 86. Nf1 Rg4 87. Ne3 Rf4 88. Nd5 Rh4 89. Ne3 Kf6 90. Kd5 Rf4 91. Kc5
Ke5 92. Nc4+ Kf5 93. Ne3+ Kf6 94. Kd5 Kg5 95. Kd4 Kh4 96. Nd5 Kg3 97. Ke3 Rf2
98. Nc7 Rf1 99. Kxe4 Kf2 100. Nd5 Re1+ 101. Kd4 Kf3 102. Nc3 Kf4 103. Kd5 Re8
104. Kc5 Ke5 105. Kc4 Rd8 106. Ne2 Rh8 107. Kd3 Rh3+ 108. Kc2 Ke4 109. Nc3+ Ke3
110. Nd5+ Kd4 111. Nf4 Rh2+ 112. Kb3 Ke4 113. Ne6 Rh6 114. Nc5+ Kd4 115. Na4
Rh1 116. Kc2 Rh7 117. Nb2 Rh3 118. Nd1 Rh2+ 119. Kb3 Rh1 120. Nb2 Rb1 121. Kc2
Rg1 122. Nd1 Rg2+ 123. Kb3 Rg6 124. Ka3 Rg1 125. Nb2 Rc1 126. Na4 Rb1 127. Ka2
Rb4 128. Nb2 Kc3 129. Nd1+ Kd3 130. Ka3 Rb1 131. Nb2+ Kc2 132. Na4 Rb5 133. Ka2
Rb4 134. Ka3 Rb3+ 135. Ka2 Re3 136. Nb6 Rc3 137. Na4 Rb3 138. Nc5 Re3 139. Na4
Rg3 140. Nc5 Rh3 141. Na4 Rf3 142. Nb6 Rg3 143. Na4 Rh3 144. Nb2 Kc3 145. Nd1+
Kd2 146. Nb2 Kc1 147. Nc4 Rc3 148. Nd6 Rd3 149. Ne4 {
Game drawn by the 50 move rule} 1/2-1/2

[Event "ICS rated blitz match"]
[Site "204.178.125.65"]
[Date "2001.07.29"]
[Round "?"]
[White "clb"]
[Black "Hossa"]
[Result "0-1"]
[WhiteElo "2019"]
[BlackElo "2622"]
[PlyCount "36"]
[EventDate "2001.??.??"]

1. d4 Nf6 2. e3 e6 3. Bd3 Nc6 4. c3 e5 5. f4 e4 6. Bc2 d5 7. Ne2 Bd6 8. O-O O-O
9. Nd2 b5 10. b4 a5 11. bxa5 Nxa5 12. a4 Ng4 13. Nb3 Nc4 14. axb5 Rxa1 15. Nxa1
Ngxe3 16. Bxe3 Nxe3 17. Qb1 Nxf1 18. Kxf1 Qh4 {clb resigns} 0-1

[Event "ICS rated blitz match"]
[Site "204.178.125.65"]
[Date "2001.07.30"]
[Round "?"]
[White "Hossa"]
[Black "mauijim"]
[Result "1-0"]
[WhiteElo "2623"]
[BlackElo "2109"]
[PlyCount "79"]
[EventDate "2001.??.??"]

1. Nf3 d5 2. c4 c6 3. d4 dxc4 4. Ne5 Nf6 5. Nxc4 Bf5 6. f3 Bg6 7. e4 e6 8. Ne5
Nbd7 9. Nxg6 hxg6 10. Be2 Be7 11. Nc3 e5 12. dxe5 Nxe5 13. Be3 Qxd1+ 14. Rxd1
O-O 15. Bf4 Ned7 16. e5 Nh5 17. Rxd7 Nxf4 18. Rxe7 Rab8 19. g3 Nxe2 20. Kxe2
Rfd8 21. e6 fxe6 22. Rxe6 Kf7 23. Re3 Rd7 24. Ne4 Rbd8 25. f4 Kf8 26. Kf3 Kf7
27. Ng5+ Kg8 28. Rhe1 Kf8 29. Ne6+ Kf7 30. Nxd8+ Rxd8 31. Re7+ Kf8 32. Rxb7
Rd3+ 33. Ke2 Rd8 34. Rxa7 Re8+ 35. Kd2 Rd8+ 36. Kc3 Rd1 37. Rxd1 Kg8 38. Rd8+
Kh7 39. Rc8 Kh6 40. Rh8# {mauijim checkmated} 1-0

[Event "ICS rated blitz match"]
[Site "204.178.125.65"]
[Date "2001.07.30"]
[Round "?"]
[White "mauijim"]
[Black "Hossa"]
[Result "0-1"]
[WhiteElo "2107"]
[BlackElo "2625"]
[PlyCount "142"]
[EventDate "2001.??.??"]

1. d4 Nf6 2. Nc3 d5 3. Bg5 Nc6 4. Bxf6 exf6 5. e3 Be6 6. Nf3 Bd6 7. a3 O-O 8.
Bd3 f5 9. O-O a6 10. Ne2 Qe7 11. c3 Qf6 12. Re1 Qh6 13. h3 b6 14. Qc2 Ne7 15.
Ne5 Qh4 16. f4 Rfe8 17. Rf1 c6 18. Nf3 Qh5 19. Qd1 Ra7 20. Ng3 Qg6 21. Qe1 Bc8
22. Ne5 Qh6 23. Qf2 Qe6 24. Rae1 f6 25. Nf3 Qf7 26. Re2 Be6 27. Rfe1 Raa8 28.
Nh4 g6 29. Nf3 Ra7 30. Nf1 Qf8 31. Kh2 Qh6 32. g3 g5 33. Qg2 g4 34. Nh4 Qh5 35.
Kg1 gxh3 36. Qxh3 Bd7 37. Kh2 c5 38. Nf3 Qxf3 39. Qg2 Qg4 40. Kg1 c4 41. Bc2
Be6 42. Nh2 Qh5 43. Kf2 a5 44. Rg1 Nc6 45. Nf1 b5 46. Rh1 Qg6 47. Qh2 b4 48.
axb4 axb4 49. Bd1 bxc3 50. bxc3 Ra3 51. Rc2 Re7 52. Bh5 Qg7 53. Bd1 Na7 54. Nd2
Nb5 55. Nb1 Ra1 56. Be2 Na3 57. Nxa3 Rxh1 58. Qxh1 Bxa3 59. Qa1 Bd6 60. Qa8+
Qf8 61. Qa1 Qe8 62. Ra2 Bf7 63. Ra8 Bb8 64. Qa6 Rxe3 65. Rxb8 Rxe2+ 66. Kf1
Qxb8 67. Kxe2 Qb2+ 68. Kf3 Bh5+ 69. g4 Bxg4+ 70. Kg3 Qxc3+ 71. Kh4 Qe1# {
mauijim checkmated} 0-1

[Event "ICS rated blitz match"]
[Site "204.178.125.65"]
[Date "2001.07.30"]
[Round "?"]
[White "tormentor"]
[Black "Hossa"]
[Result "1/2-1/2"]
[WhiteElo "2473"]
[BlackElo "2627"]
[PlyCount "96"]
[EventDate "2001.??.??"]

1. d4 Nf6 2. c4 e6 3. Nc3 Bb4 4. e3 O-O 5. Bd3 c5 6. Nf3 d5 7. O-O dxc4 8. Bxc4
Nbd7 9. Bd2 Nb6 10. Bb3 cxd4 11. exd4 Qe7 12. Re1 Bd7 13. d5 Rad8 14. dxe6 Bxe6
15. Bxe6 fxe6 16. Qb3 Nbd5 17. Ng5 Bxc3 18. Bxc3 Ng4 19. Nxe6 Qh4 20. Be5 Qxf2+
21. Kh1 Nge3 22. Rg1 Qf5 23. Nxd8 Qxe5 24. Rge1 Rxd8 25. Rad1 Rf8 26. Rxe3 Qxe3
27. Qxd5+ Rf7 28. Qc4 Qe7 29. b4 Qc7 30. Qe6 Qe7 31. Qxe7 Rxe7 32. Kg1 Rc7 33.
Kf2 Rc2+ 34. Kf3 Rxa2 35. Rd8+ Kf7 36. Rd7+ Kf6 37. Rxb7 Rb2 38. g3 a6 39. h4
h6 40. Rb6+ Kf5 41. Rxa6 Rb3+ 42. Kg2 Rxb4 43. Kh3 Rb7 44. Ra5+ Ke4 45. Kg4 Rf7
46. Ra4+ Ke5 47. Ra5+ Ke4 48. Ra4+ Ke5 {Game drawn by mutual agreement} 1/2-1/2

[Event "ICS rated blitz match"]
[Site "204.178.125.65"]
[Date "2001.07.30"]
[Round "?"]
[White "Saitek"]
[Black "Hossa"]
[Result "1-0"]
[WhiteElo "2468"]
[BlackElo "2621"]
[PlyCount "54"]
[EventDate "2001.??.??"]

1. e4 e6 2. d3 c5 3. g3 Nc6 4. Bg2 d5 5. exd5 exd5 6. Ne2 Nf6 7. O-O Be7 8. h3
O-O 9. Re1 Re8 10. Nf4 d4 11. Nd2 Bd7 12. Nc4 Bf5 13. Bd2 Rb8 14. Qf3 Ra8 15.
Re2 Qc8 16. Rae1 Bd7 17. Kh2 Qc7 18. Nd5 Nxd5 19. Qxd5 Be6 20. Rxe6 fxe6 21.
Rxe6 Kh8 22. Bf4 Qc8 23. Be4 Bf8 24. Qh5 g6 25. Bxg6 Qd7 26. Rxe8 Rxe8 27. Bxe8
Qe7 {Hossa resigns} 1-0

[Event "ICS rated blitz match"]
[Site "204.178.125.65"]
[Date "2001.07.30"]
[Round "?"]
[White "Hossa"]
[Black "Saitek"]
[Result "0-1"]
[WhiteElo "2598"]
[BlackElo "2491"]
[PlyCount "168"]
[EventDate "2001.??.??"]

1. d4 d5 2. c4 c6 3. e3 Nf6 4. Nf3 Bg4 5. h3 Bxf3 6. Qxf3 g6 7. cxd5 cxd5 8.
Nc3 Nc6 9. Bd2 Rc8 10. h4 e6 11. O-O-O h5 12. Kb1 Bb4 13. Rc1 O-O 14. Bb5 Qe7
15. Rh3 a6 16. Bf1 Rc7 17. Bd3 Rfc8 18. Rc2 Bd6 19. Nd1 b5 20. Rh1 Qd8 21. Qe2
Kg7 22. Rg1 Kh7 23. g4 Nxg4 24. f3 Nf6 25. Qg2 Kg8 26. Nf2 Qf8 27. Qg5 Be7 28.
Qf4 Nh7 29. Qg3 Bd6 30. f4 Nf6 31. Qg2 Nb4 32. Bxb4 Bxb4 33. Rxc7 Rxc7 34. Qg5
Be7 35. Qg3 Kh8 36. f5 Bd6 37. Qg5 Nh7 38. Qg2 gxf5 39. Be2 Nf6 40. Qg5 Be7 41.
Bxh5 Ng4 42. Qf4 Bd6 43. Qf3 Nxf2 44. Qxf2 Rc8 45. Be2 Qe7 46. Qg2 Qf6 47. Qf3
Bf8 48. Bd3 Bh6 49. Rh1 Rg8 50. Ka1 Qg6 51. Rf1 Qg3 52. Qh5 Qxe3 53. Bb1 Rg2
54. Qd1 Re2 55. h5 Bg7 56. h6 Bxd4 57. Bc2 Rd2 58. Qb1 Be5 59. Re1 Qc3 60. Rc1
Qc5 61. h7 Bd4 62. Bxf5 Rxb2 63. Rxc5 Rb4+ 64. Qb2 Bxb2+ 65. Kb1 Bd4+ 66. Kc1
Bxc5 67. Bd3 f5 68. Kc2 Kxh7 69. Kc3 Kg6 70. Be2 Ra4 71. Kb2 Ra3 72. Bd1 f4 73.
Kb1 f3 74. Kb2 Kf5 75. Bxf3 Rxf3 76. Kc2 d4 77. a4 d3+ 78. Kc3 bxa4 79. Kc4 d2
80. Kxc5 d1=Q 81. Kb6 Qd6+ 82. Kb7 Rb3+ 83. Ka7 Qc7+ 84. Kxa6 Qb6# {
Hossa checkmated} 0-1

[Event "ICS rated blitz match"]
[Site "204.178.125.65"]
[Date "2001.07.30"]
[Round "?"]
[White "Hossa"]
[Black "postalex"]
[Result "1-0"]
[WhiteElo "2577"]
[BlackElo "2012"]
[PlyCount "53"]
[EventDate "2001.??.??"]

1. d4 d5 2. c4 e6 3. Nc3 c5 4. cxd5 exd5 5. Nf3 Nf6 6. Bg5 Nc6 7. Bxf6 Qxf6 8.
Nxd5 Qd8 9. e4 Be6 10. dxc5 Bxc5 11. Bc4 O-O 12. O-O Rc8 13. Qd2 Bg4 14. Be2
Re8 15. Rac1 Bxf3 16. Bxf3 Nd4 17. Qf4 Nxf3+ 18. Qxf3 Qh4 19. b4 Bd6 20. g3 Qh6
21. Rxc8 Rxc8 22. e5 Bf8 23. Nf6+ Kh8 24. Qxb7 Rc1 25. Nd7 Rxf1+ 26. Kxf1 Qc1+
27. Kg2 {postalex resigns} 1-0

[Event "ICS rated blitz match"]
[Site "204.178.125.65"]
[Date "2001.07.30"]
[Round "?"]
[White "Saitek"]
[Black "Hossa"]
[Result "1-0"]
[WhiteElo "2509"]
[BlackElo "2578"]
[PlyCount "90"]
[EventDate "2001.??.??"]

1. e4 e6 2. d3 d5 3. Nd2 Nf6 4. Ngf3 b6 5. c3 Be7 6. Qa4+ Bd7 7. Qc2 c5 8. e5
Nh5 9. Nb3 a5 10. g4 a4 11. Nxc5 bxc5 12. gxh5 Nc6 13. Rg1 Qc7 14. Qe2 f6 15.
Rxg7 Nxe5 16. Nxe5 Qxe5 17. f4 Qd6 18. h6 Rb8 19. Bh3 Rb6 20. Bg4 Kd8 21. Qe3
Bf8 22. Rf7 Be7 23. Bd1 Be8 24. Rg7 Ra6 25. d4 cxd4 26. Qxd4 e5 27. Qf2 Bf8 28.
Be2 Ra8 29. fxe5 fxe5 30. Bg5+ Kc8 31. Qf5+ Bd7 32. Rxd7 Qxd7 33. Qxe5 Rg8 34.
O-O-O Ra5 35. Bf4 Qc6 36. Qb8+ Kd7 37. Bd3 Ra8 38. Bf5+ Ke7 39. Qe5+ Kf7 40.
Rf1 Be7 41. Re1 Bf6 42. Be6+ Ke7 43. Qf5 Rg1 44. Qxh7+ Bg7 45. Rxg1 d4 {
Hossa resigns} 1-0

[Event "ICS rated blitz match"]
[Site "204.178.125.65"]
[Date "2001.07.30"]
[Round "?"]
[White "Hossa"]
[Black "Saitek"]
[Result "0-1"]
[WhiteElo "2559"]
[BlackElo "2528"]
[PlyCount "83"]
[EventDate "2001.??.??"]

1. e4 d5 2. e5 c5 3. d4 cxd4 4. Bd3 Nc6 5. f4 e6 6. Nf3 Bb4+ 7. Bd2 Bc5 8. O-O
Nh6 9. Ng5 Be7 10. Qh5 Bxg5 11. fxg5 Nf5 12. Na3 Qb6 13. Bf4 O-O 14. Rab1 Bd7
15. Rf3 g6 16. Qh3 Nce7 17. Rf2 Rac8 18. Qf3 Ba4 19. Re2 Rc7 20. g4 Ng7 21. Bd2
Rfc8 22. Rf1 Be8 23. b3 Nc6 24. Qf6 Nb4 25. Bxb4 Qxb4 26. Nb1 Bb5 27. a3 Bxd3
28. axb4 Bxe2 29. Rf2 Bxg4 30. Qf4 Bf5 31. Qxd4 Bxc2 32. Na3 Nf5 33. Qxa7 Bd3
34. Rd2 Rc1+ 35. Kg2 Be4+ 36. Kf2 Rh1 37. Nc4 dxc4 38. Qb6 Rxh2+ 39. Ke1 Rxd2
40. Kxd2 cxb3 41. Qa7 b2 42. Qa2 {Hossa resigns} 0-1

[Event "ICS rated blitz match"]
[Site "204.178.125.65"]
[Date "2001.07.30"]
[Round "?"]
[White "stamen"]
[Black "Hossa"]
[Result "0-1"]
[WhiteElo "2376"]
[BlackElo "2542"]
[PlyCount "58"]
[EventDate "2001.??.??"]

1. d4 Nf6 2. Nf3 e6 3. g3 b6 4. Bg2 Bb7 5. O-O c5 6. c4 cxd4 7. Qxd4 Bc5 8. Qh4
d6 9. Nc3 Nbd7 10. Rd1 Nf8 11. Bg5 Ng6 12. Bxf6 gxf6 13. Qh6 Bb4 14. Qd2 Rc8
15. Rac1 Rxc4 16. a3 Bxc3 17. Rxc3 Rxc3 18. Qxc3 a6 19. Qd4 d5 20. e4 e5 21.
Qb4 d4 22. Nh4 Nxh4 23. gxh4 Rg8 24. Kh1 f5 25. f3 fxe4 26. fxe4 Qf6 27. Qc4
Qf2 28. Qf1 Qxb2 29. Qf6 Qxg2# {stamen checkmated} 0-1

[Event "ICS rated blitz match"]
[Site "204.178.125.65"]
[Date "2001.07.30"]
[Round "?"]
[White "Hossa"]
[Black "stamen"]
[Result "1-0"]
[WhiteElo "2550"]
[BlackElo "2365"]
[PlyCount "85"]
[EventDate "2001.??.??"]

1. e4 c5 2. Nf3 Nc6 3. d4 cxd4 4. Nxd4 Nf6 5. Nc3 e5 6. Ndb5 d6 7. Bg5 a6 8.
Na3 b5 9. Nd5 Be7 10. Bxf6 Bxf6 11. c3 O-O 12. Nc2 Rb8 13. h4 Be6 14. Nxf6+
Qxf6 15. Qxd6 Rbc8 16. Qd2 Rfd8 17. Qg5 Qf4 18. Qxf4 exf4 19. h5 Rd6 20. Rh4
Rcd8 21. b3 Rd2 22. Rc1 f3 23. gxf3 Ne5 24. Be2 g5 25. Rh1 Kf8 26. Rg1 h6 27.
Rg3 Ke7 28. a4 bxa4 29. bxa4 a5 30. Bb5 Bc4 31. Bxc4 Nxc4 32. Nd4 Kf8 33. Nf5
Nb2 34. Nxh6 R2d7 35. Rxg5 Nd3+ 36. Kd2 Ne5+ 37. Ke2 Rd2+ 38. Kf1 Nd3 39. Rb1
Rxf2+ 40. Kg1 Rxf3 41. Rb7 Rd7 42. Rxd7 Ke8 43. Rb7 {stamen resigns} 1-0

[Event "ICS rated blitz match"]
[Site "204.178.125.65"]
[Date "2001.07.30"]
[Round "?"]
[White "Hossa"]
[Black "clb"]
[Result "1-0"]
[WhiteElo "2557"]
[BlackElo "2018"]
[PlyCount "39"]
[EventDate "2001.??.??"]

1. d4 d5 2. c4 Nc6 3. cxd5 Qxd5 4. e3 e5 5. Nc3 Bb4 6. Bd2 Bxc3 7. Bxc3 exd4 8.
Ne2 Bg4 9. f3 Bxf3 10. gxf3 Qxf3 11. Bxd4 Qxh1 12. Bxg7 Qxh2 13. Qa4 O-O-O 14.
Bxh8 Nge7 15. Bc3 Nf5 16. Qg4 Rd7 17. Qxf5 Qh4+ 18. Qf2 Qh5 19. Ng3 Qd5 20. Bh3
{clb resigns} 1-0

[Event "ICS rated blitz match"]
[Site "204.178.125.65"]
[Date "2001.07.30"]
[Round "?"]
[White "stamen"]
[Black "Hossa"]
[Result "0-1"]
[WhiteElo "2367"]
[BlackElo "2558"]
[PlyCount "64"]
[EventDate "2001.??.??"]

1. d4 d5 2. c4 c6 3. Nc3 Nf6 4. Nf3 a6 5. e3 g6 6. Bd3 Bg7 7. O-O O-O 8. h3 b6
9. b4 dxc4 10. Bxc4 Nd5 11. Nxd5 cxd5 12. Be2 Qd6 13. Qb3 Bb7 14. a4 Rc8 15.
Ba3 Qd7 16. Rac1 Nc6 17. b5 axb5 18. Bxb5 Qd8 19. Bb4 Bf6 20. Rc2 Nxb4 21. Rxc8
Qxc8 22. Qxb4 Ba6 23. Rb1 e6 24. Qd6 Bd8 25. Bc6 Ra7 26. Ne5 Be7 27. Bd7 Bxd6
28. Bxc8 Bxc8 29. Rxb6 Bxe5 30. dxe5 Rxa4 31. Rb8 Ra1+ 32. Kh2 Rc1 {
stamen resigns} 0-1

[Event "ICS rated blitz match"]
[Site "204.178.125.65"]
[Date "2001.07.30"]
[Round "?"]
[White "clb"]
[Black "Hossa"]
[Result "0-1"]
[WhiteElo "2017"]
[BlackElo "2566"]
[PlyCount "42"]
[EventDate "2001.??.??"]

1. d4 Nf6 2. e3 e6 3. Bd3 Nc6 4. c3 e5 5. f4 e4 6. Bc2 d5 7. Ne2 Bd6 8. Ba4 O-O
9. Bxc6 bxc6 10. b3 Ba6 11. Ba3 Ng4 12. Qd2 Qh4+ 13. Ng3 Bxf4 14. Bxf8 Bxg3+
15. Kd1 Rxf8 16. Kc2 Bf2 17. g3 Qh3 18. c4 dxc4 19. Nc3 Bxe3 20. Qe1 Qg2+ 21.
Ne2 Bxd4 {clb resigns} 0-1

[Event "ICS rated blitz match"]
[Site "204.178.125.65"]
[Date "2001.07.30"]
[Round "?"]
[White "Hossa"]
[Black "clb"]
[Result "1-0"]
[WhiteElo "2567"]
[BlackElo "2016"]
[PlyCount "26"]
[EventDate "2001.??.??"]

1. d4 d5 2. c4 Nc6 3. cxd5 Qxd5 4. e3 e5 5. Nc3 Bb4 6. Bd2 Bxc3 7. bxc3 exd4 8.
cxd4 Nge7 9. Ne2 Bg4 10. f3 Bh5 11. Nf4 Qg5 12. h4 Qh6 13. g4 Bg6 {clb resigns}
1-0

[Event "ICS rated blitz match"]
[Site "204.178.125.65"]
[Date "2001.07.30"]
[Round "?"]
[White "Hossa"]
[Black "sekere"]
[Result "1-0"]
[WhiteElo "2568"]
[BlackElo "2139"]
[PlyCount "107"]
[EventDate "2001.??.??"]

1. e4 e5 2. Nf3 Nc6 3. Bb5 Nf6 4. O-O Nxe4 5. d4 Nd6 6. Bxc6 dxc6 7. dxe5 Nf5
8. Qxd8+ Kxd8 9. Nc3 Be6 10. g4 Ne7 11. Ng5 h6 12. Nxe6+ fxe6 13. Rd1+ Nd5 14.
Ne4 Ke8 15. Kg2 Be7 16. c4 Nb6 17. b3 Rd8 18. Rxd8+ Kxd8 19. Be3 Nd7 20. Rd1
Kc8 21. f4 b6 22. h3 Rd8 23. Kg3 c5 24. h4 Kb7 25. h5 Kc6 26. Kg2 Rf8 27. a4
Re8 28. Kg3 a5 29. Kf3 Rf8 30. Ke2 Re8 31. Bc1 Rf8 32. Ke3 Re8 33. Bb2 Bd8 34.
f5 exf5 35. gxf5 Bg5+ 36. Nxg5 hxg5 37. e6 Nf6 38. Bxf6 gxf6 39. h6 Re7 40. Rd7
Re8 41. h7 Rh8 42. Rf7 Kd6 43. e7 Kd7 44. Rf8 Kxe7 45. Rxh8 b5 46. Rb8 bxa4 47.
bxa4 g4 48. Rg8 g3 49. Rxg3 Kd6 50. Ke4 Kc6 51. h8=Q Kb6 52. Rb3+ Kc6 53. Qe8+
Kd6 54. Qe6# {sekere checkmated} 1-0

[Event "ICS rated blitz match"]
[Site "204.178.125.65"]
[Date "2001.07.30"]
[Round "?"]
[White "sekere"]
[Black "Hossa"]
[Result "0-1"]
[WhiteElo "2137"]
[BlackElo "2570"]
[PlyCount "30"]
[EventDate "2001.??.??"]

1. e4 e6 2. e5 d6 3. exd6 Bxd6 4. d4 Nf6 5. Nf3 O-O 6. Bc4 c5 7. dxc5 Bxc5 8.
Qxd8 Rxd8 9. O-O Nbd7 10. Nc3 b6 11. Bf4 Bb7 12. Be2 Rac8 13. h3 Bb4 14. Bd2
Bxc3 15. Bxc3 Nd5 {sekere resigns} 0-1

[Event "ICS rated blitz match"]
[Site "204.178.125.65"]
[Date "2001.07.30"]
[Round "?"]
[White "Hossa"]
[Black "sekere"]
[Result "1-0"]
[WhiteElo "2572"]
[BlackElo "2135"]
[PlyCount "97"]
[EventDate "2001.??.??"]

1. Nf3 d5 2. c4 d4 3. e4 dxe3 4. fxe3 c5 5. Be2 Nf6 6. O-O g6 7. d4 Qc7 8. Nc3
a6 9. dxc5 Qxc5 10. Na4 Qc7 11. Qd4 Nc6 12. Qb6 Qxb6 13. Nxb6 Rb8 14. Bd3 Be6
15. e4 Rd8 16. Bc2 Bg7 17. Bf4 O-O 18. Bc7 Rde8 19. h3 Nd7 20. Nxd7 Bxd7 21.
Rad1 Be6 22. b3 Rc8 23. Bb6 Ne5 24. Nxe5 Bxe5 25. a4 Rc6 26. a5 Rd6 27. Kf2 Rc8
28. Kf3 Rcc6 29. Bd3 f6 30. Rf2 Bd4 31. Bxd4 Rxd4 32. Rfd2 Rcd6 33. g4 Kf7 34.
Ke3 Rd8 35. b4 R4d6 36. c5 Rd4 37. Be2 Rxd2 38. Rxd2 Rxd2 39. Kxd2 Bd7 40. Ke3
Bc6 41. Bc4+ e6 42. h4 Ke7 43. Kf4 e5+ 44. Ke3 h6 45. Ba2 Bd7 46. Bd5 Bc6 47.
b5 axb5 48. Bxc6 bxc6 49. a6 {sekere resigns} 1-0

[Event "ICS rated blitz match"]
[Site "204.178.125.65"]
[Date "2001.07.30"]
[Round "?"]
[White "sekere"]
[Black "Hossa"]
[Result "0-1"]
[WhiteElo "2133"]
[BlackElo "2574"]
[PlyCount "88"]
[EventDate "2001.??.??"]

1. e4 e6 2. e5 d6 3. exd6 Bxd6 4. d4 Nf6 5. Nf3 O-O 6. Bc4 c5 7. O-O cxd4 8.
Qxd4 Nc6 9. Qh4 e5 10. Nc3 Bf5 11. Bb3 e4 12. Qg5 exf3 13. Qxf5 Nd4 14. Qh3 Bb4
15. Be3 Bxc3 16. bxc3 Ne2+ 17. Kh1 fxg2+ 18. Qxg2 Qd7 19. Rad1 Qc6 20. Bd5 Nxd5
21. Rxd5 Nxc3 22. Rg5 Qxg2+ 23. Rxg2 Rfd8 24. Rfg1 g6 25. h4 Nxa2 26. h5 Nc3
27. hxg6 fxg6 28. Rg4 a5 29. R1g2 Rd1+ 30. Kh2 b5 31. R2g3 Rc8 32. Rf3 a4 33.
Rf6 a3 34. Bh6 a2 35. Rgf4 Rdd8 36. Rf7 a1=Q 37. Rg7+ Kh8 38. Rff7 Ne4 39.
Rxh7+ Kg8 40. Rhg7+ Qxg7 41. Rxg7+ Kh8 42. Rxg6 Rxc2 43. Rb6 Rxf2+ 44. Kg1 Rd1#
{sekere checkmated} 0-1

[Event "ICS rated blitz match"]
[Site "204.178.125.65"]
[Date "2001.07.30"]
[Round "?"]
[White "guchess"]
[Black "Hossa"]
[Result "0-1"]
[WhiteElo "2092"]
[BlackElo "2578"]
[PlyCount "90"]
[EventDate "2001.??.??"]

1. d4 Nf6 2. c4 e6 3. Nc3 Bb4 4. Qc2 O-O 5. e3 c5 6. Nf3 cxd4 7. exd4 Nc6 8.
Bd2 Ba5 9. a3 d5 10. c5 Bd7 11. b4 Bc7 12. Bd3 e5 13. dxe5 Nxe5 14. Nxe5 Bxe5
15. O-O Qc7 16. f4 Bd4+ 17. Kh1 a5 18. Rae1 axb4 19. axb4 Ra3 20. Ne2 Ba4 21.
Qb1 Ra1 22. Nxd4 Rxb1 23. Rxb1 Ne4 24. Bxe4 dxe4 25. Be3 Bd7 26. f5 f6 27. Rfd1
Qe5 28. g3 Bxf5 29. Bf4 Qd5 30. Nxf5 Qxf5 31. Bd6 Qf3+ 32. Kg1 Ra8 33. Rd2 Qe3+
34. Rf2 Ra2 35. Rbf1 Rxf2 36. Rxf2 Qe1+ 37. Kg2 e3 38. Ra2 Qd2+ 39. Rxd2 exd2
40. b5 d1=Q 41. c6 Qd5+ 42. Kh3 Qxd6 43. cxb7 Qd7+ 44. Kh4 g5+ 45. Kh5 Qh3# {
guchess checkmated} 0-1

[Event "ICS Rated blitz match"]
[Site "204.178.125.65"]
[Date "2001.07.30"]
[Round "?"]
[White "Hossa"]
[Black "guchess"]
[Result "1-0"]
[WhiteElo "2580"]
[BlackElo "2090"]
[PlyCount "141"]
[EventDate "2001.??.??"]

1. Nf3 c5 2. c4 Nc6 3. Nc3 g6 4. g3 Bg7 5. Bg2 e5 6. O-O Nge7 7. Ne1 f5 8. d3
d6 9. f4 O-O 10. fxe5 dxe5 11. Be3 Nd4 12. Nd5 Nxd5 13. Bxd5+ Kh8 14. Ng2 Rb8
15. Qd2 b6 16. Bg5 Qd7 17. Rab1 Bb7 18. Bxb7 Qxb7 19. Ne1 Rbe8 20. Nc2 e4 21.
Nxd4 cxd4 22. Qc2 h6 23. Bf4 g5 24. Bd6 Rf6 25. Ba3 e3 26. Bb4 f4 27. gxf4 gxf4
28. Rf3 Rg6+ 29. Kh1 Be5 30. Rg1 Reg8 31. Rxg6 Rxg6 32. b3 Qg7 33. Qc1 Rg2 34.
Qe1 Qg4 35. Qf1 Rf2 36. Rxf2 exf2 37. Qxf2 Bf6 38. Bd6 Bg5 39. Qxd4+ Kh7 40.
Qe4+ Kg7 41. Qe8 Qf5 42. Be5+ Bf6 43. Qe7+ Kg6 44. Qxf6+ Qxf6 45. Bxf6 Kxf6 46.
Kg2 Ke5 47. Kf3 a5 48. Kg4 h5+ 49. Kg5 h4 50. h3 f3 51. exf3 Kd4 52. f4 Kxd3
53. f5 Kc3 54. f6 Kb2 55. f7 Kxa2 56. f8=Q Kxb3 57. c5 bxc5 58. Qxc5 a4 59.
Qb5+ Ka3 60. Qxa4+ Kxa4 61. Kxh4 Kb5 62. Kh5 Kc6 63. h4 Kd7 64. Kh6 Ke7 65. Kg7
Ke6 66. h5 Kf5 67. h6 Kg5 68. h7 Kf5 69. h8=Q Ke6 70. Qh5 Ke7 71. Qd5 {
guchess resigns} 1-0

[Event "ICS rated blitz match"]
[Site "204.178.125.65"]
[Date "2001.07.30"]
[Round "?"]
[White "Tinker"]
[Black "Hossa"]
[Result "1-0"]
[WhiteElo "2442"]
[BlackElo "2582"]
[PlyCount "88"]
[EventDate "2001.??.??"]

1. e4 d5 2. exd5 Qxd5 3. Nc3 Qa5 4. d4 Nf6 5. Nf3 Bg4 6. h3 Bh5 7. g4 Bg6 8.
Ne5 e6 9. h4 Be4 10. Nc4 Qa6 11. Nxe4 Nxe4 12. Qf3 Nf6 13. Bg5 Qc6 14. Qxc6+
Nxc6 15. Bxf6 gxf6 16. c3 Rg8 17. f3 Kd7 18. Bd3 Rh8 19. Nd2 a6 20. Ne4 Ke7 21.
O-O-O Bh6+ 22. Kb1 Bf4 23. h5 b6 24. Nf2 Bg3 25. Nh3 Nd8 26. f4 e5 27. fxe5
fxe5 28. Rhg1 Bh2 29. Rg2 Bf4 30. Re1 Ne6 31. d5 Nc5 32. Nxf4 Kd6 33. b4 Na4
34. Ne2 a5 35. Rf2 axb4 36. cxb4 Rhg8 37. Rg1 f5 38. Rxf5 Kxd5 39. Bb5 Kd6 40.
Rd1+ Ke7 41. g5 Rgf8 42. Rxe5+ Kf7 43. Bc4+ Kg7 44. Re7+ Kh8 {Hossa resigns}
1-0

[Event "ICS rated blitz match"]
[Site "204.178.125.65"]
[Date "2001.07.30"]
[Round "?"]
[White "koljap"]
[Black "Hossa"]
[Result "1-0"]
[WhiteElo "2343"]
[BlackElo "2567"]
[PlyCount "163"]
[EventDate "2001.??.??"]

1. e4 e6 2. d4 d5 3. e5 c5 4. Nf3 Nd7 5. Bd3 cxd4 6. O-O Qc7 7. Qe2 Ne7 8. Re1
Ng6 9. a3 Bc5 10. h4 Bb6 11. h5 Ne7 12. b4 a6 13. Bb2 Nc6 14. Nbd2 O-O 15. Nb3
Rd8 16. Rab1 Re8 17. Kh1 Rf8 18. Kg1 Rd8 19. Kh1 Re8 20. Nbxd4 Ndxe5 21. Nb5
axb5 22. Nxe5 f6 23. Ng4 e5 24. Ne3 Bxe3 25. Qxe3 Be6 26. Bxb5 Re7 27. Qg3 Na7
28. Bd3 b5 29. Bd4 Qc6 30. Bc5 Rd7 31. Rbd1 Nc8 32. h6 Ra4 33. Kg1 Ra6 34. Ra1
Ra8 35. f3 Ra4 36. hxg7 Rxg7 37. Qh2 Nd6 38. Qh6 Nf7 39. Qxf6 Bd7 40. Qxc6 Bxc6
41. Bf5 Ng5 42. Kf2 e4 43. Be3 exf3 44. gxf3 Rf7 45. Bg4 Rg7 46. Bxg5 Rxg5 47.
Re7 h5 48. Be6+ Kh8 49. Rc7 Ra6 50. Bf7 d4 51. Rh1 Ba8 52. Rxh5+ Rxh5 53. Bxh5
Rxa3 54. Bg4 Ra2 55. Bf5 Ra6 56. Bd3 Bc6 57. Rh7+ Kg8 58. Rh4 Kf7 59. Rxd4 Ra3
60. f4 Rc3 61. f5 Kf6 62. Rd6+ Ke7 63. Rh6 Bd5 64. f6+ Ke6 65. Ke3 Rc7 66. Bxb5
Rxc2 67. Bd3 Rb2 68. b5 Rb4 69. Rh5 Bb3 70. Rf5 Kf7 71. Rf4 Rxf4 72. Kxf4 Kxf6
73. b6 Bd5 74. Be4 Bc4 75. b7 Bf1 76. b8=Q Kf7 77. Qc7+ Ke6 78. Bh7 Kd5 79.
Bg8+ Kd4 80. Qe5+ Kd3 81. Bb3 Bh3 82. Qe3# {Hossa checkmated} 1-0